| 000 | 00732cam a2200217 4500 | ||
|---|---|---|---|
| 001 | ABS61341 | ||
| 008 | 000000n1999 000 0 eng u | ||
| 035 | _a(Sirsi) u100960 | ||
| 245 | _aValuable lessons in the art of calculation | ||
| 260 | _c1999 | ||
| 490 |
_aEstates Gazette _v(9937) 18 September 1999, 164-167(4) |
||
| 520 | _aA mainly for students article which outlines the general principles and procedures for investment property valuation. | ||
| 590 | _aABS | ||
| 650 | _aPROPERTY VALUATION | ||
| 650 | _aINVESTMENT PROPERTY | ||
| 650 | _aCALCULATION | ||
| 650 | _aCAPITAL GROWTH | ||
| 650 | _aRENTAL GROWTH | ||
| 690 | _aPROPERTY-COMMERCIAL PROPERTY-COMMERCIAL PROPERTY FINANCE AND INVESTMENT | ||
| 942 | _n0 | ||
| 999 |
_c60259 _d60259 |
||